| LEADER | 00887nam a2200217 4500 | ||
|---|---|---|---|
| 082 | |a 895.9221009 |b T100K | ||
| 100 | |a Tạ Ký | ||
| 245 | |a Việt Nam thi văn trích giảng |c Tạ Ký |b Sách tham khảo | ||
| 250 | |a T.1 | ||
| 260 | |a Đồng Tháp |b Tổng hợp |c 1994 | ||
| 300 | |a 448tr. |c 21cm | ||
| 520 | |a vv | ||
| 653 | |a Văn học hiện đại | ||
| 653 | |a Thế kỷ 20 | ||
| 653 | |a Việt Nam | ||
| 653 | |a Thơ | ||
| 653 | |a Giảng văn | ||
| 942 | |2 ddc |c STK0 | ||
| 999 | |c 4436 |d 4436 | ||
| 952 | |0 0 |1 0 |2 ddc |4 0 |6 895_922100900000000_T100K |7 0 |8 800 |9 43599 |a qbu |b qbu |c D5 |d 2014-12-19 |g 88000 |o 895.9221009 T100K |p 3819.C1 |r 2015-10-27 |w 2014-12-19 |y STK0 |0 0 |6 895_922100900000000_T100K | ||
| 952 | |0 0 |1 0 |2 ddc |4 0 |6 895_922100900000000_T100K |7 0 |8 800 |9 43600 |a qbu |b qbu |c D5 |d 2014-12-19 |g 88000 |l 1 |m 1 |o 895.9221009 T100K |p 3819.C2 |r 2015-11-23 |s 2015-11-10 |w 2014-12-19 |y STK0 |0 0 |6 895_922100900000000_T100K | ||